INSURANCE LAW (Record no. 1680190)

MARC details
000 -LEADER
fixed length control field 00362nam a22001697a 4500
003 - CONTROL NUMBER IDENTIFIER
control field OSt
005 - DATE AND TIME OF LATEST TRANSACTION
control field 20260224173550.0
008 - FIXED-LENGTH DATA ELEMENTS--GENERAL INFORMATION
fixed length control field 260224b |||||||| |||| 00| 0 eng d
040 ## - CATALOGING SOURCE
Transcribing agency FLL
041 ## - LANGUAGE CODE
Language code of text/sound track or separate title ENG
Language code of sung or spoken text ENG
100 ## - MAIN ENTRY--PERSONAL NAME
Personal name SINGH, AVTAR
245 ## - TITLE STATEMENT
Title INSURANCE LAW
250 ## - EDITION STATEMENT
Edition statement 4th
260 ## - PUBLICATION, DISTRIBUTION, ETC.
Place of publication, distribution, etc. LUCKNOW
Name of publisher, distributor, etc. EBC
Date of publication, distribution, etc. 2025
300 ## - PHYSICAL DESCRIPTION
Extent 524
942 ## - ADDED ENTRY ELEMENTS (KOHA)
Source of classification or shelving scheme Colon Classification (CC)
Koha item type Textbook
Suppress in OPAC No
Holdings
Withdrawn status Lost status Source of classification or shelving scheme Damaged status Not for loan Home library Current library Date acquired Source of acquisition Cost, normal purchase price Inventory number Total Checkouts Full call number Barcode Date last seen Price effective from Koha item type Date due Date last checked out
    Colon Classification (CC)     Law Centre-I Library Law Centre-I Library 2026-01-17 Bookwell Publications 676.00 673/17-01-26   X81:(Z) R5 LO1646155 2026-02-24 2026-02-24 Textbook    
    Colon Classification (CC)     Law Centre-I Library Law Centre-I Library 2026-01-17 Bookwell Publications 676.00 673/17-01-26   X81:(Z) R5 LO1646156 2026-02-24 2026-02-24 Textbook    
    Colon Classification (CC)     Law Centre-I Library Law Centre-I Library 2026-01-17 Bookwell Publications 676.00 673/17-01-26   X81:(Z) R5 LO1646157 2026-02-24 2026-02-24 Textbook    
    Colon Classification (CC)     Law Centre-I Library Law Centre-I Library 2026-01-17 Bookwell Publications 676.00 673/17-01-26   X81:(Z) R5 LO1646158 2026-02-24 2026-02-24 Textbook    
    Colon Classification (CC)     Law Centre-I Library Law Centre-I Library 2026-01-17 Bookwell Publications 676.00 673/17-01-26   X81:(Z) R5 LO1646159 2026-02-24 2026-02-24 Textbook    
    Colon Classification (CC)     Law Centre-I Library Law Centre-I Library 2026-01-17 Bookwell Publications 676.00 673/17-01-26   X81:(Z) R5 LO1646160 2026-02-24 2026-02-24 Textbook    
    Colon Classification (CC)     Law Centre-I Library Law Centre-I Library 2026-01-17 Bookwell Publications 676.00 673/17-01-26   X81:(Z) R5 LO1646161 2026-02-24 2026-02-24 Textbook    
    Colon Classification (CC)     Law Centre-I Library Law Centre-I Library 2026-01-17 Bookwell Publications 676.00 673/17-01-26 1 X81:(Z) R5 LO1646162 2026-04-07 2026-02-24 Textbook 2026-04-17 2026-04-07
Copyright @ Delhi University Library System